Global lorentzian geometry / (Record no. 30187)

000 -LEADER
fixed length control field 00742 a2200217 4500
020 ## - INTERNATIONAL STANDARD BOOK NUMBER
International Standard Book Number 0824793242
020 ## - INTERNATIONAL STANDARD BOOK NUMBER
International Standard Book Number 9780824793241
082 04 - DEWEY DECIMAL CLASSIFICATION NUMBER
Classification number 516.37
090 ## - LOCALLY ASSIGNED LC-TYPE CALL NUMBER (OCLC); LOCAL CALL NUMBER (RLIN)
-- 1577
-- 1577
100 1# - MAIN ENTRY--PERSONAL NAME
Personal name Beem, John K.
245 10 - TITLE STATEMENT
Title Global lorentzian geometry /
Statement of responsibility, etc. John K. Beem, Paul Ehrlich, Kevin Easley.
250 ## - EDITION STATEMENT
Edition statement 2nd ed.
260 ## - PUBLICATION, DISTRIBUTION, ETC.
Place of publication, distribution, etc. [S.l.] :
Name of publisher, distributor, etc. CRC Press,
Date of publication, distribution, etc. 1996.
300 ## - PHYSICAL DESCRIPTION
Extent 656 p. ;
Dimensions 23 cm.
490 1# - SERIES STATEMENT
Series statement Chapman & hall/crc pure and applied mathematics.
700 1# - ADDED ENTRY--PERSONAL NAME
Personal name Ehrlich, Paul.
700 1# - ADDED ENTRY--PERSONAL NAME
Personal name Easley, Kevin.
830 #0 - SERIES ADDED ENTRY--UNIFORM TITLE
Uniform title Chapman & hall/crc pure and applied mathematics.
942 ## - ADDED ENTRY ELEMENTS (KOHA)
Institution code [OBSOLETE] SNS
Koha item type Book
Call number prefix 516.37 BEE
Holdings
Withdrawn status Lost status Damaged status Not for loan Permanent Location Current Location Date acquired Total Checkouts Full call number Barcode Date last seen Price effective from Koha item type
        School of Natural Sciences (SNS) School of Natural Sciences (SNS) 05/26/2016   516.37 BEE SNS0000615 05/26/2016 05/26/2016 Book
© 2023 Central Library, National University of Sciences and Technology. All Rights Reserved.